Electricity : (Record no. 544396)

000 -LEADER
fixed length control field 00597nam a2200181 a 4500
082 ## - DEWEY DECIMAL CLASSIFICATION NUMBER
Classification number 537
Author Mark DAS
-- L-6,P-2
100 1# - MAIN ENTRY--PERSONAL NAME
Personal name DAS,M,M
9 (RLIN) 40020
245 10 - TITLE STATEMENT
Title Electricity :
Statement of responsibility, etc. by DAS,M,M
260 ## - PUBLICATION, DISTRIBUTION, ETC.
Place of publication, distribution, etc. Gainsbrough :
Name of publisher, distributor, etc. Printed by J.M. Mozley for Wm. Miller ... London,
Date of publication, distribution, etc. 1947.
300 ## - PHYSICAL DESCRIPTION
Extent 483 p. ;
Dimensions 21 cm. (8vo)
500 ## - GENERAL NOTE
General note Signatures: [A]² B-L⁴ M⁶.
526 ## - STUDY PROGRAM INFORMATION NOTE
Program name 0
Interest level 0
Reading level 0
Title point value 537_000000000000000_DAS
526 ## - STUDY PROGRAM INFORMATION NOTE
Program name 0
Interest level 0
Reading level 0
Title point value 537_000000000000000_DAS
650 #0 - SUBJECT ADDED ENTRY--TOPICAL TERM
Topical term or geographic name entry element Electricity
General subdivision Early works to 1850.
9 (RLIN) 40021
650 #0 - SUBJECT ADDED ENTRY--TOPICAL TERM
Topical term or geographic name entry element Magnetism
General subdivision Early works to 1800.
9 (RLIN) 40022
650 #0 - SUBJECT ADDED ENTRY--TOPICAL TERM
Topical term or geographic name entry element MCE
9 (RLIN) 379
942 ## - ADDED ENTRY ELEMENTS (KOHA)
Source of classification or shelving scheme
Koha item type Book
Holdings
Withdrawn status Lost status Source of classification or shelving scheme Damaged status Not for loan Permanent Location Current Location Date acquired Total Checkouts Full call number Barcode Date last seen Price effective from Koha item type
          Military College of Engineering (MCE) Military College of Engineering (MCE) 04/17/2014   537 DAS MCE-40549 04/17/2014 04/17/2014 Book
          Military College of Engineering (MCE) Military College of Engineering (MCE) 04/17/2014   537 DAS MCE-40551 04/17/2014 04/17/2014 Book
© 2023 Central Library, National University of Sciences and Technology. All Rights Reserved.